[Event "25th European Teams Women"]
[Site "Batumi GEO"]
[Date "2025.10.13"]
[Round "8.16"]
[Board "1"]
[White "Valcu, Lavinia"]
[Black "Paasikangas, Johanna"]
[Result "0-1"]
[BlackTitle "FM"]
[WhiteElo "2223"]
[BlackElo "2106"]
[WhiteTeam "Sweden"]
[BlackTeam "Finland"]
[WhiteFideId "1752197"]
[BlackFideId "500879"]
[EventDate "2025.10.05"]

1. d4 d5 2. c4 e6 3. Nc3 Nf6 4. cxd5 exd5 5. Bg5 Be7 6. e3 h6 7. Bh4 O-O 8. Bd3
c6 9. Nge2 Re8 10. O-O a5 11. Rc1 b5 12. h3 Ba6 13. Bg3 Nbd7 14. e4 dxe4 15.
Nxe4 Qb6 16. Nd6 Bxd6 17. Bxd6 b4 18. Ng3 Bxd3 19. Qxd3 Re6 20. Nf5 Nd5 21. Bh2
Rae8 22. h4 h5 23. Qf3 Rf6 24. Qxh5 g6 25. Nh6+ Kg7 26. Qg4 Ree6 27. Qg5 Qxd4
28. h5 Qe4 29. hxg6 Rxg6 30. Nf5+ Kg8 31. f3 Qe2 32. Nd4 Rxg5 33. Nxe2 Rxe2 34.
g4 Rxb2 35. Rxc6 Rxa2 36. Rd1 N5f6 37. Bf4 Rd5 38. Re1 Rd3 39. g5 Rxf3 40. Bd6
Nd5 41. Re8+ Kg7 42. Rd8 Ne3 43. Rc1 Rg2+ 44. Kh1 Rh3+ 45. Bh2 Rhxh2# 0-1

[Event "25th European Teams Women"]
[Site "Batumi GEO"]
[Date "2025.10.13"]
[Round "8.16"]
[Board "2"]
[White "Tuominen, Tanja"]
[Black "Ostensson, Julia"]
[Result "1-0"]
[WhiteTitle "WIM"]
[WhiteElo "2025"]
[BlackElo "1994"]
[WhiteTeam "Finland"]
[BlackTeam "Sweden"]
[WhiteFideId "502340"]
[BlackFideId "1747703"]
[EventDate "2025.10.05"]

1. e4 d6 2. d4 Nf6 3. Bd3 e5 4. c3 Be7 5. Nf3 Nc6 6. O-O exd4 7. cxd4 Bg4 8. Be3
Nd7 9. Nc3 Bf6 10. Be2 O-O 11. h3 Bxf3 12. Bxf3 Bg5 13. Re1 Nb6 14. Rc1 Bxe3 15.
Rxe3 Qf6 16. Rd3 Nb4 17. Rd2 c6 18. Qb3 Na6 19. a4 Qg5 20. Rdd1 Qa5 21. d5 c5
22. Ra1 Qb4 23. Qc2 Nc4 24. Na2 Qxb2 25. Qxc4 Qf6 26. Rab1 Rab8 27. Rb3 Nc7 28.
Rdb1 b6 29. Nc3 Qe7 30. a5 Na8 31. Na4 Qe5 32. Qc3 Qe8 33. Qc4 Qe5 34. axb6 Nxb6
35. Nxb6 axb6 36. Rxb6 Rxb6 37. Rxb6 Qa1+ 38. Kh2 h6 39. Qb3 Kh7 40. Qb2 1-0

[Event "25th European Teams Women"]
[Site "Batumi GEO"]
[Date "2025.10.13"]
[Round "8.16"]
[Board "3"]
[White "Wickstrom, Carina"]
[Black "Lehtinen, Helja"]
[Result "1-0"]
[WhiteElo "1915"]
[BlackElo "1953"]
[WhiteTeam "Sweden"]
[BlackTeam "Finland"]
[WhiteFideId "1743201"]
[BlackFideId "515566"]
[EventDate "2025.10.05"]

1. e4 c5 2. Nf3 d6 3. d4 cxd4 4. Nxd4 Nf6 5. Nc3 a6 6. g3 e5 7. Nde2 Be7 8. Bg2
O-O 9. O-O b5 10. Nd5 Nbd7 11. Nec3 Nb6 12. Be3 Nfxd5 13. Nxd5 Nxd5 14. Qxd5 Be6
15. Qd2 a5 16. a3 Rb8 17. Rfd1 Qc7 18. Rac1 Rfc8 19. h4 b4 20. axb4 Rxb4 21. b3
Bd7 22. Qe1 Rbb8 23. Bf1 a4 24. Bc4 Qb7 25. Bd5 Qa6 26. Qd2 Bc6 27. Ra1 Bxd5 28.
Qxd5 a3 29. Ra2 Rb5 30. Qd3 d5 31. exd5 Bb4 32. c4 Ra5 33. Bd2 Rb8 34. d6 Bxd2
35. Rdxd2 Qc6 36. d7 Rd8 37. Qd6 Qxd6 38. Rxd6 Kf8 39. b4 Ra4 40. c5 Rxb4 41.
Rxa3 Rc4 42. Rd5 f6 43. Ra7 Ke7 44. Rc7 Rc1+ 45. Kg2 Rc3 46. Rd2 Rc4 47. c6 e4
48. Rc8 Rb4 49. c7 Rxd7 50. Re8+ 1-0

[Event "25th European Teams Women"]
[Site "Batumi GEO"]
[Date "2025.10.13"]
[Round "8.16"]
[Board "4"]
[White "Rinne, Heini"]
[Black "Harshavardhini, M.S."]
[Result "1/2-1/2"]
[WhiteElo "1887"]
[BlackElo "1859"]
[WhiteTeam "Finland"]
[BlackTeam "Sweden"]
[WhiteFideId "513423"]
[BlackFideId "35061747"]
[EventDate "2025.10.05"]

1. d4 Nf6 2. Nf3 g6 3. g3 Bg7 4. Bg2 O-O 5. O-O d5 6. c4 c6 7. Nbd2 Qb6 8. a4 a5
9. c5 Qc7 10. Ne5 Ng4 11. Nxg4 Bxg4 12. h3 Bf5 13. e4 dxe4 14. Nc4 Nd7 15. Bf4
e5 16. dxe5 Nxe5 17. Nd6 Nd3 18. Nxf5 Nxf4 19. Nd6 Nxg2 20. Kxg2 b6 21. Nxe4
bxc5 22. Nxc5 Rad8 23. Qc2 Qe5 24. Rac1 Qxb2 25. Qxb2 Bxb2 26. Rc2 Bd4 27. Nb7
Rc8 28. Nxa5 Ra8 29. Nxc6 Rxa4 30. Nxd4 Rxd4 1/2-1/2

[Event "25th European Teams Women"]
[Site "Batumi GEO"]
[Date "2025.10.13"]
[Round "8.17"]
[Board "1"]
[White "Dornbusch, Tatiana"]
[Black "Ivekovic, Tihana"]
[Result "1/2-1/2"]
[WhiteTitle "WGM"]
[BlackTitle "WFM"]
[WhiteElo "2240"]
[BlackElo "2078"]
[WhiteTeam "Monaco"]
[BlackTeam "Croatia"]
[WhiteFideId "14107449"]
[BlackFideId "14517825"]
[EventDate "2025.10.05"]

1. d4 Nf6 2. c4 e6 3. Nc3 Bb4 4. a3 Bxc3+ 5. bxc3 c5 6. f3 Nc6 7. e4 d6 8. Ne2
b6 9. Bg5 h6 10. Be3 Na5 11. Ng3 Ba6 12. Bd3 Nd7 13. Qe2 Rc8 14. Rc1 O-O 15. O-O
Qh4 16. f4 Nf6 17. Kh1 Ng4 18. Bg1 cxd4 19. cxd4 Nb3 20. Rc3 Nxd4 21. Qd2 Rc7
22. Ne2 e5 23. Nxd4 exd4 24. Rc2 Rfc8 25. Rfc1 Rc5 26. g3 Qf6 27. h3 Ne3 28.
Bxe3 dxe3 29. Qxe3 Qe6 30. Kh2 R8c7 31. Qd4 g6 32. g4 Qe7 33. Kg3 g5 34. fxg5
hxg5 35. Kf3 Qe5 36. Qxe5 dxe5 37. Ke3 Bc8 38. Ke2 Be6 39. Ke3 Kf8 40. Kd2 Ke7
41. Rc3 Rc8 42. R1c2 Rd8 43. Ke3 Rh8 44. Bf1 Rhc8 45. Kd2 Rd8+ 46. Rd3 1/2-1/2

[Event "25th European Teams Women"]
[Site "Batumi GEO"]
[Date "2025.10.13"]
[Round "8.17"]
[Board "2"]
[White "Zagorac, Lara"]
[Black "Zvereva, Marija"]
[Result "0-1"]
[WhiteTitle "WFM"]
[BlackTitle "WIM"]
[WhiteElo "2074"]
[BlackElo "2003"]
[WhiteTeam "Croatia"]
[BlackTeam "Monaco"]
[WhiteFideId "14580250"]
[BlackFideId "4121082"]
[EventDate "2025.10.05"]

1. d4 Nf6 2. Nf3 e6 3. c4 d5 4. g3 Be7 5. Bg2 Ne4 6. O-O f5 7. Nbd2 Nc6 8. Ne5
Nxe5 9. dxe5 c6 10. Qc2 Qc7 11. Nxe4 dxe4 12. Qc3 c5 13. b3 Bd7 14. Bb2 h5 15.
f3 exf3 16. Bxf3 g5 17. Rad1 g4 18. Bh1 O-O-O 19. e4 fxe4 20. Bxe4 h4 21. Rf4
Rdg8 22. Rf7 Be8 23. Rf2 hxg3 24. hxg3 Bc6 25. Qe3 Bg5 26. Qe2 Rh3 27. Qxg4
Rxg3+ 28. Qxg3 Bxe4 29. Qg4 Qh7 30. Qxe6+ Kb8 31. Qd6+ Ka8 32. Rf8+ Bd8+ 33.
Rxg8 Qxg8+ 34. Kf2 Qg2+ 35. Ke3 Bg5# 0-1

[Event "25th European Teams Women"]
[Site "Batumi GEO"]
[Date "2025.10.13"]
[Round "8.17"]
[Board "3"]
[White "Ince, Safiye Oyku"]
[Black "Radikovic, Anamarija"]
[Result "1-0"]
[WhiteTitle "WCM"]
[BlackTitle "WFM"]
[WhiteElo "1998"]
[BlackElo "2053"]
[WhiteTeam "Monaco"]
[BlackTeam "Croatia"]
[WhiteFideId "6391222"]
[BlackFideId "14546264"]
[EventDate "2025.10.05"]

1. e4 c5 2. Nf3 g6 3. d4 cxd4 4. Nxd4 Bg7 5. c4 Nc6 6. Be3 Qb6 7. Nb3 Qc7 8. Qd2
Nf6 9. f3 a5 10. Nc3 d6 11. Rc1 a4 12. Na1 Qa5 13. Nc2 O-O 14. Be2 Be6 15. O-O
Nd7 16. Na3 Rfc8 17. f4 Nc5 18. f5 Bd7 19. f6 Bf8 20. Bh6 Ne6 21. Bxf8 Rxf8 22.
fxe7 Nxe7 23. Qxd6 Qc5+ 24. Qxc5 Nxc5 25. Nd5 Nxd5 26. exd5 Rfe8 27. Bf3 Re3 28.
Nc2 Rd3 29. Nb4 Rd2 30. Rf2 Rd4 31. Re2 Re8 32. Kf2 Rc8 33. Ke3 Rh4 34. d6 Re8+
35. Kf2 Rd4 36. Rxe8+ Bxe8 37. Rd1 Rxc4 38. Nd5 Nd7 39. Re1 Kf8 40. Nc7 1-0

[Event "25th European Teams Women"]
[Site "Batumi GEO"]
[Date "2025.10.13"]
[Round "8.17"]
[Board "4"]
[White "Hajdinic, Ema"]
[Black "Berezovska, Svetlana"]
[Result "1-0"]
[WhiteTitle "WCM"]
[BlackTitle "WCM"]
[WhiteElo "2058"]
[BlackElo "1874"]
[WhiteTeam "Croatia"]
[BlackTeam "Monaco"]
[WhiteFideId "14567059"]
[BlackFideId "5400740"]
[EventDate "2025.10.05"]

1. e4 c5 2. Nc3 e6 3. g3 g6 4. Bg2 Bg7 5. d3 Nc6 6. Be3 d6 7. Qd2 Rb8 8. f4 Nge7
9. Nf3 Nd4 10. Nd1 O-O 11. O-O b5 12. c3 Nxf3+ 13. Bxf3 a5 14. d4 cxd4 15. cxd4
b4 16. Nf2 Bb7 17. a3 d5 18. e5 Qb6 19. axb4 axb4 20. Nd3 Ba6 21. Be2 Bxd3 22.
Bxd3 Ra8 23. g4 f5 24. g5 Rfc8 25. Rfc1 Bf8 26. Be2 Nc6 27. Qd3 Ra5 28. Rxa5
Qxa5 29. Qa6 Qc7 30. Bb5 Qb8 31. Rxc6 Rxc6 32. Qxc6 Kf7 33. Ba6 Be7 34. Bc8 Qa7
35. Bxe6+ Kg7 36. Qe8 1-0

[Event "25th European Teams Women"]
[Site "Batumi GEO"]
[Date "2025.10.13"]
[Round "8.18"]
[Board "1"]
[White "Arakhamia-Grant, Ketevan"]
[Black "Zherebtsova, Alexandra"]
[Result "0-1"]
[WhiteTitle "GM"]
[BlackTitle "FM"]
[WhiteElo "2269"]
[BlackElo "2279"]
[WhiteTeam "Scotland"]
[BlackTeam "Montenegro"]
[WhiteFideId "13600168"]
[BlackFideId "24129518"]
[EventDate "2025.10.05"]

1. e4 e5 2. Nf3 Nc6 3. Bc4 Nf6 4. d3 Be7 5. O-O d6 6. a4 O-O 7. Re1 Na5 8. Ba2
c5 9. c3 Nc6 10. Nbd2 Be6 11. Nc4 h6 12. Bd2 Re8 13. b4 cxb4 14. cxb4 d5 15.
exd5 Nxd5 16. b5 Ncb4 17. Bb3 Nxd3 18. Ba5 Nb6 19. Ncxe5 Nxe1 20. Bxe6 Nxf3+ 21.
Qxf3 fxe6 22. Qf7+ Kh8 23. Qg6 Rf8 24. Qxe6 Qd4 25. Ng6+ Kh7 26. Nxf8+ Rxf8 27.
Rf1 Bc5 28. Qe2 Nxa4 29. Qc2+ Kh8 30. g3 Bb6 31. Be1 Qg4 32. Qb3 Nc5 33. Qa3 Qf3 0-1

[Event "25th European Teams Women"]
[Site "Batumi GEO"]
[Date "2025.10.13"]
[Round "8.18"]
[Board "2"]
[White "Skvortsova, Alena"]
[Black "Rutherford, Kathleen"]
[Result "1-0"]
[WhiteTitle "WFM"]
[WhiteElo "2166"]
[BlackElo "1806"]
[WhiteTeam "Montenegro"]
[BlackTeam "Scotland"]
[WhiteFideId "24166251"]
[BlackFideId "2404117"]
[EventDate "2025.10.05"]

1. e4 c5 2. Nf3 Nc6 3. Bb5 g6 4. O-O Bg7 5. c3 Nf6 6. Re1 O-O 7. d4 d5 8. e5 Ne4
9. Be3 cxd4 10. cxd4 Qb6 11. Bxc6 Qxc6 12. Nbd2 Bg4 13. Qb3 Nxd2 14. Nxd2 Rfc8
15. Rac1 Qxc1 16. Rxc1 Rxc1+ 17. Nf1 Rc7 18. Qxd5 Rac8 19. f3 Be6 20. Qa5 b6 21.
Qa3 Bd5 22. Bd2 e6 23. Ne3 Bf8 24. Qa6 Ba8 25. Ng4 Be7 26. Qd3 Kf8 27. Nf6 Bxf6
28. exf6 h5 29. Qa3+ Ke8 30. Bh6 Kd7 31. Bf4 Rb7 32. Qd6+ Ke8 33. Bh6 Rbc7 34.
Qf8+ Kd7 35. Qxf7+ Kc6 36. Qxe6+ 1-0

[Event "25th European Teams Women"]
[Site "Batumi GEO"]
[Date "2025.10.13"]
[Round "8.18"]
[Board "3"]
[White "Donitova-Johnstone, Darima"]
[Black "Milovic, Aleksandra"]
[Result "0-1"]
[BlackTitle "WIM"]
[WhiteElo "1800"]
[BlackElo "2050"]
[WhiteTeam "Scotland"]
[BlackTeam "Montenegro"]
[WhiteFideId "2410036"]
[BlackFideId "933988"]
[EventDate "2025.10.05"]

1. Nf3 e6 2. b3 Nf6 3. Bb2 Be7 4. c4 c5 5. g3 Nc6 6. Bg2 Qc7 7. e3 b6 8. O-O Bb7
9. Nc3 O-O 10. Ne2 Rad8 11. a3 d5 12. Qc2 Rd7 13. Rac1 Qb8 14. Ng5 d4 15. d3 Ng4
16. Nh3 dxe3 17. f4 Nd4 18. Nxd4 cxd4 19. Qe2 Bxg2 20. Kxg2 f5 21. b4 h6 22. Ng1
Qb7+ 23. Nf3 e5 24. h3 e4 25. hxg4 fxg4 26. dxe4 Qxe4 27. Rce1 Bf6 28. Bc1 g5
29. Kh2 gxf3 30. Rxf3 g4 31. Rff1 h5 32. Qa2 Kg7 33. Qe2 Re8 34. Rh1 Qf3 35.
Rhf1 Qxe2+ 36. Rxe2 Rc8 37. Rd1 Rxc4 38. Rxe3 Rxc1 39. Rdd3 0-1

[Event "25th European Teams Women"]
[Site "Batumi GEO"]
[Date "2025.10.13"]
[Round "8.18"]
[Board "4"]
[White "Koljevic, Nikolina"]
[Black "Reid, Caitlin"]
[Result "0-1"]
[WhiteTitle "WFM"]
[WhiteElo "1970"]
[BlackElo "1652"]
[WhiteTeam "Montenegro"]
[BlackTeam "Scotland"]
[WhiteFideId "16503945"]
[BlackFideId "2405059"]
[EventDate "2025.10.05"]

1. e4 g6 2. d4 Bg7 3. Nf3 d6 4. h3 Nd7 5. Nc3 c5 6. d5 Ngf6 7. Be3 Qb6 8. Rb1
Qd8 9. Be2 a6 10. a4 O-O 11. O-O Ne8 12. Qc1 Ne5 13. Nd2 f5 14. f4 Nf7 15. exf5
Bxf5 16. Nc4 Nf6 17. Bf3 Rb8 18. a5 e6 19. Rd1 exd5 20. Nxd5 Re8 21. Ncb6 Nxd5
22. Nxd5 Qxa5 23. b4 Qa2 24. bxc5 Bxc2 25. cxd6 Bxd1 26. Qxd1 Kh8 27. Bd4 Nxd6
28. Bxg7+ Kxg7 29. Nc3 Qe6 30. Qd4+ Qf6 31. Qd3 Nf5 32. Ne4 Qd8 33. Qb3 Qd4+ 34.
Kh1 Rxe4 35. Bxe4 Qxe4 36. Qc3+ Kh6 37. Rb4 Qe3 38. Qb2 Rd8 39. Qa1 Rd2 0-1

[Event "25th European Teams Women"]
[Site "Batumi GEO"]
[Date "2025.10.14"]
[Round "9.1"]
[Board "1"]
[White "Kashlinskaya, Alina"]
[Black "Balajayeva, Khanim"]
[Result "1/2-1/2"]
[WhiteTitle "IM"]
[BlackTitle "IM"]
[WhiteElo "2450"]
[BlackElo "2351"]
[WhiteTeam "Poland"]
[BlackTeam "Azerbaijan"]
[WhiteFideId "4198026"]
[BlackFideId "13406396"]
[EventDate "2025.10.05"]

1. e4 e5 2. Nf3 Nc6 3. d4 exd4 4. Nxd4 Nf6 5. Nxc6 bxc6 6. Bd3 d5 7. exd5 cxd5
8. O-O Be7 9. c4 O-O 10. Nc3 d4 11. Ne4 Nxe4 12. Bxe4 Rb8 13. b3 Bb7 14. Re1 Bb4
15. Bd2 Bxd2 16. Qxd2 Bxe4 17. Rxe4 c5 18. Rae1 a5 19. Re5 Qb6 20. h4 h6 21. h5
Rbc8 22. g3 Qb4 23. Qxb4 axb4 24. Rd5 Rfd8 25. Ree5 Rxd5 26. Rxd5 Ra8 27. Rxc5
Rxa2 28. Rd5 Rb2 29. Rxd4 Rxb3 30. Rd8+ Kh7 31. Rb8 Rb1+ 32. Kg2 b3 33. c5 1/2-1/2

[Event "25th European Teams Women"]
[Site "Batumi GEO"]
[Date "2025.10.14"]
[Round "9.1"]
[Board "2"]
[White "Beydullayeva, Govhar"]
[Black "Maltsevskaya, Aleksandra"]
[Result "1/2-1/2"]
[WhiteTitle "WGM"]
[BlackTitle "IM"]
[WhiteElo "2362"]
[BlackElo "2394"]
[WhiteTeam "Azerbaijan"]
[BlackTeam "Poland"]
[WhiteFideId "13413015"]
[BlackFideId "24174041"]
[EventDate "2025.10.05"]

1. d4 d5 2. c4 e6 3. Nc3 Nf6 4. cxd5 exd5 5. Bg5 Be7 6. e3 h6 7. Bf4 O-O 8. Bd3
c5 9. Nge2 Nc6 10. O-O Bg4 11. dxc5 Bxc5 12. Rc1 Bb6 13. h3 Be6 14. Bb1 d4 15.
exd4 Nxd4 16. Na4 Re8 17. Nxb6 Nxe2+ 18. Qxe2 Bxa2 19. Qf3 axb6 20. Rfd1 Qe7 21.
Bd6 Qe2 22. Qxe2 Rxe2 23. Bxa2 Rxa2 24. Ba3 b5 25. Rd4 Re4 26. Rcd1 b4 27. Rxb4
Rxb4 28. Bxb4 Rxb2 29. Bc3 Rb6 30. Rd8+ Kh7 31. Bxf6 Rxf6 32. Rd7 b6 33. h4 Kg6
34. g3 Kf5 1/2-1/2

[Event "25th European Teams Women"]
[Site "Batumi GEO"]
[Date "2025.10.14"]
[Round "9.1"]
[Board "3"]
[White "Kiolbasa, Oliwia"]
[Black "Mammadova, Gulnar"]
[Result "1-0"]
[WhiteTitle "IM"]
[BlackTitle "IM"]
[WhiteElo "2388"]
[BlackElo "2323"]
[WhiteTeam "Poland"]
[BlackTeam "Azerbaijan"]
[WhiteFideId "1154613"]
[BlackFideId "13403508"]
[EventDate "2025.10.05"]

1. e4 c5 2. Nf3 e6 3. d4 cxd4 4. Nxd4 Nc6 5. Nc3 Bc5 6. Nb3 Bb4 7. Qg4 Nf6 8.
Qxg7 Rg8 9. Qh6 Rg6 10. Qh4 Rg4 11. Qh3 d5 12. Be2 Rg6 13. O-O e5 14. Qh4 Bxc3
15. bxc3 Nxe4 16. Qxd8+ Kxd8 17. c4 Nb4 18. Bh5 Rc6 19. cxd5 Rxc2 20. Re1 f5 21.
f3 Nc3 22. Bg5+ Kc7 23. Rxe5 Nd3 24. Re7+ Kd6 25. Nd4 Rb2 26. Re3 Kxd5 27. Bf6
Rxg2+ 28. Kxg2 Nf4+ 29. Kf2 Nxh5 30. Rxc3 Nxf6 31. Nb5 Ke5 32. Re1+ Kf4 33. h4 1-0

[Event "25th European Teams Women"]
[Site "Batumi GEO"]
[Date "2025.10.14"]
[Round "9.1"]
[Board "4"]
[White "Allahverdiyeva, Ayan"]
[Black "Kulon, Klaudia"]
[Result "1/2-1/2"]
[WhiteTitle "WIM"]
[BlackTitle "IM"]
[WhiteElo "2220"]
[BlackElo "2336"]
[WhiteTeam "Azerbaijan"]
[BlackTeam "Poland"]
[WhiteFideId "13412590"]
[BlackFideId "1131044"]
[EventDate "2025.10.05"]

1. e4 e5 2. Nf3 Nc6 3. Bb5 Nf6 4. d3 Bc5 5. O-O Nd4 6. Nxd4 Bxd4 7. c3 Bb6 8. d4
O-O 9. Nd2 d6 10. dxe5 dxe5 11. h3 c6 12. Bc4 Qe7 13. Qf3 Be6 14. Bb3 a5 15. a4
Bxb3 16. Nxb3 Qe6 17. Nd2 Rfd8 18. Re1 g6 19. b3 Nh5 20. Nc4 Bc7 21. Bh6 Nf4 22.
Bxf4 exf4 23. e5 b5 24. axb5 cxb5 25. Na3 Rab8 26. c4 bxc4 27. Nxc4 Qd5 28. Qxf4
Rxb3 29. Nd6 Bxd6 30. exd6 Qxd6 31. Qxd6 1/2-1/2

[Event "25th European Teams Women"]
[Site "Batumi GEO"]
[Date "2025.10.14"]
[Round "9.2"]
[Board "1"]
[White "Mkrtchian, Lilit"]
[Black "Osmak, Yuliia"]
[Result "1-0"]
[WhiteTitle "IM"]
[BlackTitle "IM"]
[WhiteElo "2377"]
[BlackElo "2464"]
[WhiteTeam "Armenia"]
[BlackTeam "Ukraine"]
[WhiteFideId "13300601"]
[BlackFideId "14101602"]
[EventDate "2025.10.05"]

1. c4 e5 2. g3 c6 3. Nf3 e4 4. Nd4 d5 5. d3 Bc5 6. dxe4 dxe4 7. Be3 Nf6 8. Nc3
Ng4 9. Nxc6 Qxd1+ 10. Rxd1 bxc6 11. Bxc5 f5 12. h3 Ne5 13. b3 Be6 14. Bg2 Nbd7
15. Ba3 Kf7 16. O-O h5 17. f3 exf3 18. exf3 f4 19. Ne4 Kg8 20. gxf4 Ng6 21. f5
Bxf5 22. Nd6 Be6 23. f4 Ngf8 24. f5 Bf7 25. Bxc6 Rd8 26. Nxf7 Kxf7 27. Bxf8 1-0

[Event "25th European Teams Women"]
[Site "Batumi GEO"]
[Date "2025.10.14"]
[Round "9.2"]
[Board "2"]
[White "Ushenina, Anna"]
[Black "Mkrtchyan, Mariam"]
[Result "1/2-1/2"]
[WhiteTitle "GM"]
[BlackTitle "WIM"]
[WhiteElo "2407"]
[BlackElo "2318"]
[WhiteTeam "Ukraine"]
[BlackTeam "Armenia"]
[WhiteFideId "14110911"]
[BlackFideId "13310828"]
[EventDate "2025.10.05"]

1. d4 d5 2. c4 c6 3. Nc3 Nf6 4. e3 g6 5. Nf3 Bg7 6. Be2 O-O 7. O-O Ne4 8. Re1 b6
9. Nxe4 dxe4 10. Nd2 f5 11. b4 c5 12. bxc5 bxc5 13. Nb3 cxd4 14. Nxd4 Nc6 15.
Bb2 Rb8 16. Nxc6 Qxd1 17. Bxd1 Rxb2 18. Nxe7+ Kf7 19. Nxc8 Rxc8 20. Bb3 Ke7 21.
Red1 Bc3 22. Rac1 Bd2 23. Rb1 Rxb1 24. Rxb1 Ba5 25. h3 Bb6 26. Kf1 Rd8 27. Ke2
Rd3 28. Rh1 Bc5 29. Rc1 h6 30. Rc2 g5 31. Rb2 Ba3 32. Rb1 Bb4 33. Kf1 a5 34. Rd1
Rxd1+ 35. Bxd1 Kd6 36. Ke2 Ke5 37. Ba4 h5 38. h4 gxh4 39. Be8 h3 40. gxh3 h4 41.
f3 1/2-1/2

[Event "25th European Teams Women"]
[Site "Batumi GEO"]
[Date "2025.10.14"]
[Round "9.2"]
[Board "3"]
[White "Danielian, Elina"]
[Black "Zhukova, Natalia"]
[Result "1/2-1/2"]
[WhiteTitle "GM"]
[BlackTitle "GM"]
[WhiteElo "2410"]
[BlackElo "2305"]
[WhiteTeam "Armenia"]
[BlackTeam "Ukraine"]
[WhiteFideId "13300210"]
[BlackFideId "14101513"]
[EventDate "2025.10.05"]

1. d4 d5 2. c4 e6 3. Nf3 Nf6 4. g3 dxc4 5. Bg2 c5 6. O-O Nc6 7. Qa4 Bd7 8. Qxc4
cxd4 9. Nxd4 Rc8 10. Nc3 Nxd4 11. Qxd4 Bc5 12. Qh4 h6 13. Bg5 O-O 14. Bxf6 Qxf6
15. Qxf6 gxf6 16. Rfd1 Rc7 17. Rd3 Rfc8 18. Rad1 Be8 19. g4 Kg7 20. Bf3 Bb4 21.
Ne4 Rc2 22. a3 Be7 23. R3d2 Ba4 24. Ng3 b6 25. Rd4 Be8 26. R4d2 Ba4 27. Rd4 Be8
28. R4d2 Ba4 29. Rd4 Be8 30. R4d2 1/2-1/2

[Event "25th European Teams Women"]
[Site "Batumi GEO"]
[Date "2025.10.14"]
[Round "9.2"]
[Board "4"]
[White "Piddubna, Bozhena"]
[Black "Gaboyan, Susanna"]
[Result "1-0"]
[WhiteTitle "WFM"]
[BlackTitle "WIM"]
[WhiteElo "2265"]
[BlackElo "2165"]
[WhiteTeam "Ukraine"]
[BlackTeam "Armenia"]
[WhiteFideId "34109293"]
[BlackFideId "13303627"]
[EventDate "2025.10.05"]

1. d4 Nf6 2. c4 g6 3. Nf3 Bg7 4. g3 O-O 5. Bg2 d6 6. Nc3 Nbd7 7. O-O e5 8. e4
exd4 9. Nxd4 Re8 10. Qc2 Nxe4 11. Nxe4 Bxd4 12. Bg5 f6 13. Rad1 fxg5 14. Rxd4
Qe7 15. Re1 Kg7 16. Re3 Ne5 17. Qc3 Ng4 18. Nxd6 Nxe3 19. Re4+ Kh6 20. Nxe8 Nd1
21. Qd2 Qxe4 22. Bxe4 Bg4 23. Nf6 1-0

[Event "25th European Teams Women"]
[Site "Batumi GEO"]
[Date "2025.10.14"]
[Round "9.3"]
[Board "1"]
[White "Wagner, Dinara"]
[Black "Stefanova, Antoaneta"]
[Result "1/2-1/2"]
[WhiteTitle "IM"]
[BlackTitle "GM"]
[WhiteElo "2410"]
[BlackElo "2393"]
[WhiteTeam "Germany"]
[BlackTeam "Bulgaria"]
[WhiteFideId "24157570"]
[BlackFideId "2902257"]
[EventDate "2025.10.05"]

1. d4 Nf6 2. c4 e6 3. Nf3 Bb4+ 4. Bd2 a5 5. a3 Bxd2+ 6. Qxd2 d6 7. Nc3 Nc6 8. e4
O-O 9. h3 e5 10. O-O-O exd4 11. Nxd4 Re8 12. f3 Nd7 13. Kb1 Nc5 14. g4 Nxd4 15.
Qxd4 Bd7 16. h4 Bc6 17. Be2 Ne6 18. Qd2 Qf6 19. Nd5 Qe5 20. f4 Qxe4+ 21. Bd3 Qf3
22. Rhf1 Qh3 23. Rh1 Qf3 24. Rdf1 Qg3 25. Rhg1 Qh3 26. Rh1 Qg3 27. Rhg1 Qh3 28.
Rh1 Qg3 29. Rhg1 Qh3 30. Rh1 Qg3 1/2-1/2

[Event "25th European Teams Women"]
[Site "Batumi GEO"]
[Date "2025.10.14"]
[Round "9.3"]
[Board "2"]
[White "Krasteva, Beloslava"]
[Black "Klek, Hanna Marie"]
[Result "1/2-1/2"]
[WhiteTitle "FM"]
[BlackTitle "WGM"]
[WhiteElo "2316"]
[BlackElo "2328"]
[WhiteTeam "Bulgaria"]
[BlackTeam "Germany"]
[WhiteFideId "2922029"]
[BlackFideId "24670057"]
[EventDate "2025.10.05"]

1. d4 d5 2. c4 e6 3. Nc3 c5 4. cxd5 exd5 5. Nf3 Nc6 6. dxc5 d4 7. Na4 Bxc5 8.
Nxc5 Qa5+ 9. Bd2 Qxc5 10. b4 Qb6 11. Qa4 a6 12. e3 dxe3 13. fxe3 Rb8 14. b5 axb5
15. Qxb5 Qxb5 16. Bxb5 Bd7 17. Bc3 f6 18. O-O Nge7 19. Bc4 Rc8 20. Rac1 Nf5 21.
Rfd1 Ke7 22. Bb2 Ra8 23. Rd3 Rhd8 24. Ba3+ Ke8 25. Rcd1 Bc8 26. Bc5 Rxd3 27.
Rxd3 Nfe7 28. Ra3 Rxa3 29. Bxa3 Bf5 30. Bc5 Kd7 31. a4 Be4 32. Bb5 Nd5 33. Bc4
Nc3 34. Bd4 Nxd4 35. Nxd4 Nd1 36. Be6+ Kd6 37. Bf5 Bxf5 38. Nxf5+ Ke5 39. Nxg7
b6 40. Ne8 Nc3 41. Kf2 Nxa4 42. Ke2 Nc3+ 43. Kd3 Nd5 44. g4 b5 45. h4 b4 46. g5
fxg5 47. hxg5 b3 48. e4 b2 49. Kc2 Nc3 50. Kxb2 Nxe4 51. Nf6 Nxf6 52. gxf6 Kxf6
53. Kc3 Kf5 54. Kd2 Kf4 55. Ke2 Kg3 1/2-1/2